000 00445pab a2200169 454500
008 180718b2012 xxu||||| |||| 00| 0 eng d
100 _aDatar, Abhay
245 _aThe Lucknow pact of 1916: A second look at the Congress - Muslim League agreement
260 _c2012
300 _ap.65-69.
362 _a10 Mar
650 _aIndia - History
650 _aHistory
773 _aEconomic and Political Weekly
908 _aN
909 _a95281
999 _c95281
_d95281